000 00685nam a2200229Ii 4500
003 JO-AjNU
008 230605s9999||||xx |||||||||||||| ||und||
017 _a5250/2010
020 _a977-17-8536-2
040 _aJO-AjNU
_bara
_erda
_cJO-AjNU
041 _aara
050 1 4 _aJX1245.S455.2010
100 3 _a الشيوى ، عبد السلام منصور ,
_eauthor
_932406
245 0 0 _aالقانون الدولى العام
250 _a(د،ط)
264 3 1 _aد ، م : د ، ن ، 2010
300 _a235ص
336 _atext
_btxt
_2rdacontent
337 _aunmediated
_bn
_2rdamedia
338 _avolume
_bnc
_2rdacarrier
650 4 _aالقانون الدولي
_932407
999 _aA13078
_c16646
_d16646